Keluarga bahagia

Bibliographic Details
Main Author: Fatimah Azzahra
Format: Book
Published: Selangor : Penerbitan Pinang , 1995
Series:Siri Remaja
Subjects:

MARC

LEADER 00000cam a2200000 7i4500
001 0000069753
005 20170205.0
008 170201
020 |a 9830550338 (set) 
020 |a 9830550370 
090 0 0 |a 362.809595   |b FAT 
100 1 |a Fatimah Azzahra 
245 1 0 |a Keluarga bahagia   |c Fatimah Azzahra;Faridah Taib;Zuraidah Ali 
260 |a Selangor :   |b Penerbitan Pinang ,   |c 1995 
490 1 |a Siri Remaja 
650 0 |a Family   |x Juvenile literature   |z Malaysia 
650 0 |a Juvenile delinquency   |x Juvenile literature   |z Malaysia 
650 0 |a Parenting   |x Juvenile literature   |z Malaysia 
999 |a 0000544213   |b Book   |c Adult Collection   |e Cawangan Pontian 
999 |a 0000797894   |b Book   |c Teenagers   |e Cawangan Segamat